History Quiz

Random History or Biography Quiz
Score 0/5 Timer 05:00
0 Plays Today
Impersonator Royal Person % Correct
Anna AndersonGrand Duchess Anastasia
90%
Perkin WarbeckRichard Duke of York
70%
Lambert SimnelEdward Plantagenet
60%
Yemelan PugachevPeter III
50%
Tile KolupFrederick II
40%
Remove Ads.
Support Sporcle.
Get the best of Sporcle when you Go Orange. This ad-free experience offers more features, more stats, and more fun while also helping to support Sporcle. Thank you for becoming a member.

You're not logged in!

Compare scores with friends on all Sporcle quizzes.
OR
Log In

Sporcle TV

Today on Sporcle TV


Watch our educational content, quiz creation guides, and fun videos on Sporcle TV.

Show Comments

Extras

Top Quizzes Today


Score Distribution

Paid Content

Your Account Isn't Verified!

In order to create a playlist on Sporcle, you need to verify the email address you used during registration. Go to your Sporcle Settings to finish the process.

Report this User

Report this user for behavior that violates our Community Guidelines.

Details: